|
|
|
|
| LEADER |
01150nam a2200289 a 4500 |
| 001 |
36599 |
| 008 |
090709s1986 enk b 000 0 eng d |
| 010 |
|
|
|a 86297551
|
| 020 |
|
|
|a 0333352696 (hbk)
|
| 020 |
|
|
|a 0333352718 (pbk)
|
| 040 |
|
|
|a VCITC
|
| 082 |
0 |
0 |
|a 822.914
|2 19
|
| 245 |
1 |
4 |
|a Harold Pinter :
|b The birthday party, The caretaker, The homecoming : a casebook ;
|c edited by Michael Scott, general editor A. E. Dyson.
|
| 260 |
|
|
|a London,
|b Macmillan,
|c 1986
|
| 300 |
|
|
|a 208 p. :
|c 22 cm.
|
| 490 |
1 |
|
|a Casebook series
|
| 504 |
|
|
|a Bibliography: (p. 200-201.)
|
| 541 |
1 |
|
|e 00013596
|
| 650 |
|
0 |
|a Pinter, Harold, .
|d 1930-
|x Criticism and interpretation
|
| 650 |
|
0 |
|a Pinter, Harold, .
|d 1930-
|x The birthday party
|
| 650 |
|
0 |
|a Pinter, Harold, .
|d 1930-
|x caretaker
|
| 650 |
|
0 |
|a Pinter, Harold, .
|d 1930-
|x The homecoming
|
| 700 |
1 |
|
|a Scott, Michael,
|d 1949-.
|
| 700 |
1 |
|
|a Dyson, A.E.
|
| 852 |
4 |
|
|a Ayesha Abed Library
|j General shelf
|
| 999 |
|
|
|c 2264
|d 2264
|
| 952 |
|
|
|0 0
|1 0
|2 ddc
|4 0
|6 822_914000000000000_HAR
|7 0
|9 2088
|a BRACUL
|b BRACUL
|c GEN
|d 2009-07-12
|g 711.00
|l 1
|m 2
|o 822.914 HAR
|p 3010013596
|r 2018-01-25
|s 2018-01-09
|t 1
|w 2009-07-12
|y BK
|